00854 a2200157 4500003000500000005001700005040000900022082001200031100001600043245010800059260003600167300001200203505041600215538003400631650003100665Nust20170207154216.0 cNust a621.384 a J H Reyner aModern radio communicationbfor the more advanced student covering the technique required cJ H Reyner  aSir Isaac PitmanbLondon c1947 ax, 341p aThe Radio Transmitter (Page-1), The Transmitting Aerial (Page-26), Feeders (Page-40), The Radio Receivers (Page-51), The Receiving Aerial (Page-131), Coupled Circuits (Page-144), Filters And Attenuators (Page-155), Commercial Radiotelephony (Page-174), Short Wave Operation (Page-182), Ultra Short Waves (Page-199), Measurements In Radio Communication (Page-207), Picture Transmission And Television (Page-224)  aAlmirah No.132 and Shelf No.1 aModern radio communication